Graphs and applications (Record no. 2013)

MARC details
000 -LEADER
fixed length control field 00507 a2200181 4500
001 - CONTROL NUMBER
control field 068328
003 - CONTROL NUMBER IDENTIFIER
control field OSt
005 - DATE AND TIME OF LATEST TRANSACTION
control field 20220216101009.0
008 - FIXED-LENGTH DATA ELEMENTS--GENERAL INFORMATION
fixed length control field
082 ## - DEWEY DECIMAL CLASSIFICATION NUMBER
Classification number 511.5
Item number A24G
100 1# - MAIN ENTRY--PERSONAL NAME
Personal name Aldous, Joan M.
245 1# - TITLE STATEMENT
Title Graphs and applications
Statement of responsibility, etc by Joan M. Aldous and R.J. Wilson
260 ## - PUBLICATION, DISTRIBUTION, ETC. (IMPRINT)
Place of publication, distribution, etc New York
Name of publisher, distributor, etc Springer
Date of publication, distribution, etc 2007
300 ## - PHYSICAL DESCRIPTION
Extent 444p.
653 ## - INDEX TERM--UNCONTROLLED
Uncontrolled term Graph theory; Mathematics; Matrices; Trees (Graph theory); Algorithms
700 ## - ADDED ENTRY--PERSONAL NAME
Personal name Wilson, R.J.
942 ## - ADDED ENTRY ELEMENTS (KOHA)
Source of classification or shelving scheme Dewey Decimal Classification
Koha item type Books
Holdings
Withdrawn status Lost status Source of classification or shelving scheme Damaged status Not for loan Collection code Home library Current library Date acquired Source of acquisition Cost, normal purchase price Total Checkouts Full call number Barcode Date last seen Date checked out Price effective from Koha item type
    Dewey Decimal Classification     General Text Book Central University Of Rajasthan Central University Of Rajasthan 07/03/2012 MTH 695.00 1 511.5 A24G 2615 21/11/2024 18/04/2022 02/09/2020 Books
    Dewey Decimal Classification     General Text Book Central University Of Rajasthan Central University Of Rajasthan 07/03/2012 MTH 695.00   511.5 A24G 2618 21/11/2024   02/09/2020 Books